000 00466nab a2200145Ia 4500
003 ES-SlBCS
005 20210601145028.0
008 140529s1982 xxu||||| |||| 00| 0 spa d
041 _aspa
100 1 _aLeón, Ramón
_9307181
245 0 0 _aHistoriografía sudamericana de la Psicología: una panorámica
_c Ramón León
650 0 4 _aPsicología
_944875
773 0 _tRevista de Historia de la Psicologia
_gvol. 3, nº. 2, 1982, págs. 157-170
_wRev700
942 _cAR
999 _c718191
_d718191